000 00315nam a22001217a 4500
008 180604b xxu||||| |||| 00| 0 eng d
041 _aeng
080 _a043.3
100 _a0
101 _aMBE-BA
245 _aQeverisja e Korporatave si Mekanizem per Nxitjen e Zhvillimit Ekonomik
_cShllaku, Sh
942 _2udc
_cBK
999 _c46253
_d46253